Pečiva sa spotrebiteľ nevzdá
Máloktorá domácnosť na Slovensku si dokáže predstaviť život bez pečiva. Či už ide o tradičný chlieb a rožky, alebo o rôzne celozrnné, kváskové alebo bezlepkové špeciality, svoju cestu si pekárenské výrobky nájdu v podstate ku každému. Aj preto výrobcovia zatiaľ krízu a rastúcu infláciu v poklese spo...
Enregistré dans:
| Auteur principal: | |
|---|---|
| Format: | Chapitre de livre |
| Langue: | slovaque |
| Sujets: | |
| Tags: |
Pas de tags, Soyez le premier à ajouter un tag!
|
MARC
| LEADER | 00000naa a2200000 4500 | ||
|---|---|---|---|
| 001 | 0291202 | ||
| 005 | 20240417075227.6 | ||
| 041 | 0 | |a slo | |
| 044 | |a CZ | ||
| 245 | 1 | 0 | |a Pečiva sa spotrebiteľ nevzdá |c Peter Kapitán |
| 520 | |a Máloktorá domácnosť na Slovensku si dokáže predstaviť život bez pečiva. Či už ide o tradičný chlieb a rožky, alebo o rôzne celozrnné, kváskové alebo bezlepkové špeciality, svoju cestu si pekárenské výrobky nájdu v podstate ku každému. Aj preto výrobcovia zatiaľ krízu a rastúcu infláciu v poklese spotreby alebo výraznom prepade tržieb či predaných objemov necítia. | ||
| 610 | 2 | 0 | |a pekárenstvo |
| 610 | 2 | 0 | |a potravinárstvo |
| 610 | 2 | 0 | |a múka |
| 610 | 2 | 0 | |a kríza |
| 610 | 2 | 0 | |a inflácia |
| 100 | 1 | |a Kapitán, Peter | |